000 00556nam a22001697a 4500
003 OSt
005 20260115113008.0
008 260115b |||||||| |||| 00| 0 eng d
040 _cMRSPTU
041 _aEnglish
100 _aGurwinder Kaur, Supervisor: Dinesh Kumar
245 _aImposter Detection For Replication Attacks in Mobile Sensor Networks and Reallocating the IDS
260 _bDepartment of CSE, MRSPTU, Bathinda
_c2017
650 _aComputer Science
856 _uhttp://163.47.215.52:8080/jspui/handle/123456789/206
942 _2ddc
_cTH
_n0
999 _c10646
_d10646